Ordo et connexio : Estudios acerca de la ontología, filosofía de la mente y filosofía práctica de Benedictus de Spinoza
Guardado en:
| 主要作者: | |
|---|---|
| 格式: | 圖書 |
| 語言: | Undetermined |
| 出版: |
San José, Costa Rica
Antanaclasis, Editores, S. A.
2012
|
| 主題: | |
| 標簽: |
添加標簽
沒有標簽, 成為第一個標記此記錄!
|
MARC
| LEADER | 00000nam a2200000Ia 4500 | ||
|---|---|---|---|
| 008 | 170316s9999 xx 000 0 und d | ||
| 999 | |c 17092 |d 17092 | ||
| 040 | |a cru BVZT | ||
| 090 | |a 100 M-65o | ||
| 100 | |a Moya Bedoya, Juan Diego |9 8 | ||
| 245 | |a Ordo et connexio : Estudios acerca de la ontología, filosofía de la mente y filosofía práctica de Benedictus de Spinoza | ||
| 260 | |a San José, Costa Rica | ||
| 260 | |b Antanaclasis, Editores, S. A. | ||
| 260 | |c 2012 | ||
| 300 | |a 661 páginas | ||
| 650 | |a FILOSOFÍA |9 5 | ||
| 650 | |a LA ONTOLOGÍA SPINOZIANA DE LA MENTE |9 394 | ||
| 650 | |a SPINOZA BARUJ |9 395 | ||
| 650 | |a ÉTICA SPINOZIANA |9 396 | ||
| 650 | |a G.W.F. HEGEL |9 397 | ||
| 942 | |c 15 D |h 100 M-65o |2 z | ||
